000 00617nam a2200229 i 4500
001 C2-0297573
003 PPAK
005 20180728075759.0
008 090519s1995 ii |||| ||||| | tam d
040 _aPPAK
_beng
_cPPAK
_erda
082 0 4 _a894.8113
_223
090 0 0 _a894.8113
_bTHA
_dG
100 0 _aThamizh Vaanan,
_eauthor
245 1 0 _aNammal mudiyathu ethu?
264 1 _aChennai, India :
_bManimegalaip Parisuram ,
_c1995
300 _a30 pages ;
_c18 cm
336 _2rdacontent
_atext
337 _2rdamedia
_aunmediated
338 _2rdacarrier
_avolume
650 1 0 _aTamil fiction
942 _ddc
_cB
999 _c101943
_d101943